000 00496nam a22001577a 4500
008 170919b xxu||||| |||| 00| 0 eng d
050 _aTHE HQ 1793
_b.K53 2011
100 _aKibiriti David
245 _aThe Impact of War on Women in Wau Town Southern Sudan
_cDavid Kibiriti
260 _aS't Paul's University
_bS't Paul's University
_c2011
300 _axii,64pg
_bill,;
_c30cm
500 _aIncludes Bibliographies and References
650 _aWar-women
650 _aWar
942 _2lcc
_cTHES
999 _c51474
_d51474